Statystyki dla CSGO Nazwij Wszystkie Mapy 2023

Kliknij tutaj aby rozwiązać quiz!

Ogólne statystyki

  • Ten quiz został rozwiązany 281 razy
  • Średni wynik to 16 z 27

Statystyki odpowiedzi

Odpowiedź% Poprawnych
Mapa TurniejowaMirage
98%
Mapa TurniejowaDust 2
93%
Mapa SkrzydłowegoInferno
89%
Mapa TurniejowaInferno
89%
Mapa TurniejowaNuke
89%
Mapa TurniejowaVertigo
84%
Mapa SkrzydłowegoVertigo
84%
Mapa TurniejowaAncient
79%
Mapa TurniejowaAnubis
79%
Mapa TurniejowaOverpass
77%
Mapa SkrzydłowegoOverpass
77%
Mapa TurniejowaOffice
69%
Mapa SkrzydłowegoTrain
69%
Mapa TurniejowaTrain
69%
Mapa TurniejowaCobblestone
66%
Mapa SkrzydłowegoCobblestone
66%
Mapa TurniejowaCache
64%
Mapa SkrzydłowegoShortdust
49%
Mapa SkrzydłowegoLake
44%
Mapa TurniejowaAgency
42%
Mapa TurniejowaTuscan
18%
Strefa zagrożeniaBlacksite
15%
Mapa SkrzydłowegoBoyard
12%
Mapa SkrzydłowegoChalice
9%
Strefa zagrożeniaSirocco
9%
Strefa zagrożeniaEmber
7%
Strefa zagrożeniaVineyard
6%

Rozkład punktacji

Percentyl według liczby udzielonych odpowiedzi

Procent ludzi z każdym wynikiem

Twoja historia wyników

Nie rozwiązałeś tego quizu